000
00230 a2200097 4500
001
31959
100
_a
Pitts, Donald r
245
_a
Heat Transfer:1000 Solved problems
260
_a
N.Y
_b
McGraw-Hill
_c
1991
090
_c
21483
_d
21483
942
_a
NUST-CAE
_c
M
_c
12762
999
_c
267032
_d
267032